Gaming Quiz

Random Gaming or War Quiz

War of Ninja Quiz Stats

 Plays Quiz not verified by Sporcle

Support Sporcle.
Go Orange.
Score 0/134 Timer 15:00
0 Plays Today
% Correct
Niiro
95.7%
Aoiro
94.6%
Senboku
94.6%
Niiro Jun
94.6%
Kozan
93.5%
Niiro Hana
93.5%
Kage
92.4%
Kusa
92.4%
Chiyu Jinsei
92.4%
Aoiro Tadashi
92.4%
Shishi
91.3%
Senboku Amaya
89.1%
Shishi Nori
89.1%
Hanto
88%
Aoiro Akira
88%
Shishi Takeko
88%
Kage Shoji
87%
Kage Sasori
87%
Senboku Yume
87%
Honoo
85.9%
Aoiro Asami
85.9%
Niiro Yuudai
85.9%
Kage Kurai
85.9%
Senboku Takeo
85.9%
Kusa Niwa
85.9%
Kozan Tadao
85.9%
Honoo Hikaru
84.8%
Kozan Megami
84.8%
Santi
83.7%
Omoi Yukigaaru
83.7%
Kusa Kao
83.7%
Niiro Toge
83.7%
Shishi Toraji
82.6%
Ranged
82.6%
Honoo Youko
81.5%
Kozan Jomon
81.5%
Yuurin
80.4%
Melee
80.4%
Kusa Yugana
79.3%
Honoo Kamiko
79.3%
Yuzuki
79.3%
Mental
79.3%
Affliction
79.3%
Throw Kunai
79.3%
Crystal Ball of Senboku
79.3%
% Correct
Tactic
78.3%
Kozan Hai
77.2%
Haruto's Shop
76.1%
Fire Arena
76.1%
Touken Jyouzu
76.1%
Legendary Katana of Niiro
76.1%
Kozan Hahen
72.8%
Aura
72.8%
Throw Shuriken
72.8%
Warbanner of Healing
72.8%
Sacred Flower of Kusa
72.8%
Battle Arena
71.7%
Warbanner of Offense
71.7%
Warbanner of Resistance
71.7%
Eternal Flame of Honoo
71.7%
Small Health Potion
70.7%
Medium Health Potion
70.7%
Large Health Potion
70.7%
Pipe of Agility
70.7%
Channeling
69.6%
Warbanner of Defense
69.6%
Prison
69.6%
Hermit's Shop
68.5%
Instant
68.5%
Sacred Flute of the Shishi
68.5%
Large Medical Package
67.4%
Demon's Lair
66.3%
Small Medical Package
66.3%
Medium Medical Package
66.3%
Pipe of Wisdom
66.3%
Kozan Isshou
64.1%
Shogi
64.1%
Poison Affliction
63%
Kozan Jikkousu
62%
Smoke Bomb
62%
Book of Mentality
60.9%
Ki Affliction
60.9%
Pipe of Energy
59.8%
Pipe of Strength
58.7%
Bow of the Aoiro Ancestors
58.7%
Fire Arrows
57.6%
Metsubishi
57.6%
Pipe of Intelligence
57.6%
Battle Armor
56.5%
Kage Cloak of Shadows
56.5%
% Correct
Head Jailer
54.3%
Mask of the Kozan Saint
54.3%
Bleeding Affliction
54.3%
Poisonous Darts
53.3%
Sleeping Powder
53.3%
Stun
52.2%
Passive
51.1%
Caltrop
50%
Cleansing Water
50%
Sake
50%
Burning Affliction
50%
Healing
50%
Piercing Damage
48.9%
Guard of the Warbringer
47.8%
Drug Affliction
43.5%
Bowl of Ramen
42.4%
Hebi
41.3%
Painkiller
40.2%
Seishin
40.2%
Seishin Ryu
38%
Protector
37%
Drain
37%
Budou Ken
37%
Kemuri Saigai
35.9%
Seishin Kame
35.9%
Seishin Tori
35.9%
Invulnerability
34.8%
Kemuri Arasoi
34.8%
Budou Daiki
34.8%
Hebi Nozuchi
34.8%
Hebi Jatai
34.8%
Budou Nobuo
33.7%
Hebi Ikuchi
33.7%
Counter
32.6%
Kemuri Sainan
32.6%
Seishin Karasu
32.6%
Damage Reduction
30.4%
Senboku Eien
29.3%
Tanto
27.2%
Fire Bomb
23.9%
Crimson Viper of the Hebi
21.7%
Area of Effect
16.3%
Blood Oath of the First Seishin
16.3%
Damage Limitation
12%

You're not logged in!

Compare scores with friends on all Sporcle quizzes.
OR
Log In

From the Vault

Two-Minute Crossword III

by Qaqaq

36 letters, 120 seconds. You've got this.
Remove Ads.
Support Sporcle.
Get the best of Sporcle when you Go Orange. This ad-free experience offers more features, more stats, and more fun while also helping to support Sporcle. Thank you for becoming a member.

Show Comments

Extras

Created Feb 17, 2011ReportNominate
Tags:War Quiz, ninja

Top Quizzes Today


Score Distribution

Your Account Isn't Verified!

In order to create a playlist on Sporcle, you need to verify the email address you used during registration. Go to your Sporcle Settings to finish the process.

Report this User

Report this user for behavior that violates our Community Guidelines.

Details: